00675nam a2200229 a 450000100060000000300080000600500170001400800410003102000320007203500190010404000270012304100080015008200240015810000230018224500770020526000470028230000210032950000200035050400320037065000150040265000280041758062BD-RjUL20211209080601.0161215s1987 enk b 001 0 eng  a0631154868 :c$34.95 (U.S.) a(BD-RjUL)58186 aDLCcDLCdBD-RjULbeng aeng00a327.2223bDEO 19871 aDer Derian, James.10aOn diplomacy :ba genealogy of Western estrangement /cJames Der Derian. aNew York, NY, USA :bB. Blackwell,cc1987. a258 p. ;c24 cm. aIncludes index. aBibliography: p. [210]-253. 0aDiplomacy. 0aAlienation (Philosophy)